| 000 | 00376nam a22001337a 4500 | ||
|---|---|---|---|
| 020 | _a0258967900 | ||
| 082 | _a016.968 MUS | ||
| 100 | _aMusiker, Reuben | ||
| 245 | _aSouth Africa Bibliography; a survey of Bibliographies and Bibliographical Work | ||
| 260 |
_aLondon _bCrosby Lockwood & Son Ltd _c1970 |
||
| 300 |
_a105p. _bill.; 22p. |
||
| 500 | _aInclude index | ||
| 942 | _cBK | ||
| 999 |
_c12521 _d12521 |
||